00371nam a2200145Ia 45000030006000000080041000060400015000471000022000622450045000842500006001292600053001353000006001885460014001940050017002080STCL150530s9999 xx 000 0 und d aSTCLcSTCL aThomas Mathew, M. aMarar: Lavanyanubhavathinte Yukthisilpam a1 bKerala Sahitya Academi; Thrissurc2006aThrissur a0 aMalayalam20220125171727.0